Ekonomická revue odborný časopis Ekonomické fakulty Vysoké školy báňské - Technické univerzity Ostrava

Salvato in:
Dettagli Bibliografici
Natura: Periodico
Lingua:ceco
Pubblicazione: Ostrava VŠB - Technická univerzita Ostrava, Ekonomická fakulta 2001
Soggetti:
Tags: Aggiungi Tag
Nessun Tag, puoi essere il primo ad aggiungerne!!

MARC

LEADER 00000nas2a2200000 4500
001 0006622
005 20160720111956.8
022 |a 1212-3951 
041 0 |a cze 
044 |a CZ 
245 1 0 |a Ekonomická revue  |b odborný časopis Ekonomické fakulty Vysoké školy báňské - Technické univerzity Ostrava 
264 1 |a Ostrava  |b VŠB - Technická univerzita Ostrava, Ekonomická fakulta  |c 2001 
300 |a 1 zv. 
773 0 |w eu_un_cat*s121993 
610 2 0 |a ekonómia 
610 2 0 |a teórie ekonomické 
610 2 0 |a veda ekonomická